Statistics for 2022-23 NHL PLAYER BY PICTURE #2

Click here to take the quiz!

General Stats

  • This quiz has been taken 70 times
  • The average score is 12 of 16

Answer Stats

Answer% Correct
Elias Pettersson
95%
Marc-Andre Fleury
95%
Evander Kane
88%
Nazem Kadri
84%
Taylor Hall
84%
Tomas Hertl
84%
Kyle Connor
79%
Moritz Seider
79%
Carter Hart
75%
Stuart Skinner
71%
Brock Nelson
68%
Jacob Trouba
68%
Vladimir Tarasenko
68%
Thomas Chabot
61%
Torey Krug
61%
TJ Brodie
39%

Score Distribution

Percentile by Number Answered

Percent of People with Each Score

Your Score History

You have not taken this quiz